[Event "Aerosvit 2007"]
[Site "Foros RUS"]
[Date "2007.06.29"]
[Round "11"]
[White "GM Onischuk, Alexander(USA)"]
[Black "GM Nisipeanu, Liviu-Dieter(ROM)"]
[Result "1-0"]
[WhiteElo "2663"]
[BlackElo "2693"]
[Annotator "Ëåáåäåâ Âàñèëèé"]
[PlyCount "115"]
[EventDate "2007.06.29"]

1. d4 d5 2. c4 dxc4 3. e4 e5 {«Ñèëüíåéøèé îòâåò: ÷¸ðíûå íàíîñÿò óäàð ïî
öåíòðó, íå çàáûâàÿ ïðè ýòîì ðàçâèâàòü ôèãóðû» (Êîð÷íîé).} 4. Nf3 {Òåì, êòî
èãðàåò ãàìáèòû â ïîñëåäíåì òóðå, íàäî ñòàâèòü ïàìÿòíèê èëè, êàê ìèíèìóì,
ïðèãëàøàòü â Ñîôèþ. ;)} exd4 5. Bxc4 ({«Áåçîáèäíî} 5. Qxd4 {
- ïîïûòêè äîêàçàòü ïåðåâåñ áåëûõ ïîñëå} Qxd4 6. Nxd4 Nf6 7. Nc3 Bc5 $1 8. Ndb5
(8. Be3 Ng4 9. Nd5) 8... Na6 {
áûëè ìíîãî÷èñëåííû, íî áåçðåçóëüòàòíû» (Êàñïàðîâ)}) 5... Nc6 6. O-O Be6 ({
È òåïåðü ñàìûå ñëàáûå - «ãðóáûå õîäû, íàïðàâëåííûå íà ñîõðàíåíèå ïåøêè»
(Êàñïàðîâ)} 6... Bg4 $2 7. Qb3 Qd7 8. Bxf7+ Qxf7 9. Qxb7 Rc8 10. Qxc6+ Bd7 11.
Qa6 Nf6 12. e5 Ne4 13. Re1 Nc5 14. e6 Nxe6 15. Ng5 {
(1-0 Pytel,K (2435) - Castro Rojas,O (2410)/Dortmund 1977).}) ({Èëè} 6... Bc5
$6 7. Ng5 Nh6 8. Nxf7 $1 Nxf7 9. Bxf7+ Kxf7 10. Qh5+ g6 11. Qxc5 {- «áåëûå
îòûãðûâàþò ïåøêó è ñîõðàíÿþò èíèöèàòèâó» (Êàñïàðîâ). Ïåðâîèñòî÷íèê:} Qe7 12.
Qc2 Be6 13. f4 Rad8 14. f5 gxf5 15. Qd1 h5 16. Bf4 Bc4 17. Rf2 Ke8 18. Nd2 Ba6
19. exf5 Kd7 20. Nf3 Qb4 21. a3 Qa5 22. Bg5 Rde8 23. Nxd4 Nxd4 24. Qxd4+ Kc8
25. h3 b6 26. b4 Qa4 27. Rc1 Rh7 28. Rfc2 Rd7 29. Qf4 Re1+ 30. Rxe1 Qxc2 31.
Qf3 {(1-0 Stein,L - Kwiatkowski,S/Kiev 1959).}) 7. Bb5 ({
«Ãðàíäèîçíàÿ äèñêóññèÿ» ïî ïîâîäó} 7. Bxe6 fxe6 8. Qb3 Qd7 9. Qxb7 Rb8 10.
Qa6 Nf6 11. Nbd2 {çàâåðøèëàñü ñëåäóþøèì âûâîäîì - ïðàâèëüíî} Bd6 {ñ «áëàãîïðèÿòíîé
îöåíêîé äëÿ ÷¸ðíûõ» (Êàñïàðîâ). Íå ïîêîëåáàëà ýòîãî ìíåíèÿ è
ñëåäóþùàÿ  ïàðòèÿ â Ýëèñòå:} 12. b3 O-O 13. Bb2 Bf4 14. g3 Bh6 15. Ba3 Nxe4
16. Bxf8 Nxd2 17. Nxd2 Bxd2 18. Ba3 Qd5 19. Qc4 Qxc4 20. bxc4 Ne5 21. Rab1 Rd8
22. c5 Nc4 23. Bc1 d3 24. Rb7 c6 25. Bxd2 Nxd2 26. Rd1 Ne4 27. f3 Nc3 28. Rd2
Nxa2 29. Rb3 Nc1 30. Rb1 Ne2+ 31. Kf2 e5 32. Ra1 Rd5 33. Rxa7 Rxc5 34. Rxd3 Nd4
35. Rd2 h6 36. f4 Nb5 37. Ra8+ Kh7 38. f5 Nd4 39. g4 Rc3 40. Rb2 h5 41. Rbb8 {
(1-0 Aronian,L (2759) - Shirov,A (2699)/Elista RUS 2007) - ïîäðîáíîñòè ñì.
https://online.crestbook.com/elista07-2-1.htm}) 7... Bc5 8. b4 $5 {
Õîä âîçðîæä¸í Ëåâîíîì Àðîíÿíîì â 3-é ïàðòèè åãî ìàò÷à ñ Àëåêñååì Øèðîâûì.} ({
Ïî Êàñïàðîâó - ãëàâíîå ñðåäñòâî â áîðüáå çà èíèöèàòèâó çàêëþ÷àåòñÿ â
ïðîäîëæåíèè} 8. Nbd2 Nge7 9. Ng5 $1) 8... Bb6 9. a4 a6 10. Bxc6+ bxc6 11. a5
Ba7 12. Bb2 Nf6 13. Nxd4 Bxd4 14. Bxd4 Nxe4 15. Re1 $146 ({
Óïîìèíàâøàÿñÿ 3-ÿ ïàðòèÿ ìàò÷à Àðîíÿí-Øèðîâ ïðîäîëæàëàñü òàê} 15. Bxg7 Rg8 16.
Be5 Bh3 17. Bg3 Nxg3 18. hxg3 Qxd1 19. Rxd1 Be6 20. Nc3 Rg4 21. Rab1 Rb8 22. f4
Bf5 23. Rb2 Rxg3 24. Na4 Kf8 25. Nc5 Ra8 26. Kf2 Rc3 27. Rbd2 Rc4 28. Rd4 Rxd4
29. Rxd4 Ke7 30. Rd1 Be6 31. Re1 Kf6 32. Re5 h6 33. g3 Bc4 34. Nd7+ Kg7 35. Re7
Rd8 36. Ke3 h5 37. f5 Rg8 38. Re4 Bb5 39. Rh4 Rd8 40. Nc5 Kh6 41. Kf4 Be2 42.
Rh2 Bb5 43. Ke5 Kg5 44. Ne4+ Kg4 45. Kf6 Kf3 46. Rh4 Bd3 47. Nc5 Kxg3 48. Rxh5
Bc4 49. Rh1 Rb8 50. Rd1 Rxb4 51. Rd4 Kf3 52. Nxa6 c5 53. Nxc5 Ke3 54. Rh4 Kd2
55. Na6 Ra4 56. Nxc7 Kd3 57. a6 Ra5 58. Rf4 Kc3 59. Ke7 Rc5 60. Kd6 Ra5 61. f6
Bxa6 62. Nxa6 Rxa6+ 63. Ke7 Ra7+ 64. Kf8 Kd3 65. Rh4 Ke3 66. Rh7 Kf4 67. Rxf7
Ra6 68. Kg7 {(1/2 Aronian,L (2759) - Shirov,A (2699)/Elista RUS 2007) -
ïîäðîáíîñòè ñì. https://online.crestbook.com/elista07-2-3.htm}) 15... Qd5 $6 ({
Íå î÷åíü-òî ïîíÿòíî, êàê ðåàãèðîâàëè áû áåëûå íà ïðîñòîå} 15... Nf6 {
, è ðîêèðîâêà ñëåäóþùèì õîäîì, íàïðèìåð} 16. Bxf6 ({èëè} 16. Ra2 $6 O-O 17.
Rd2 Nd5 18. Nc3 Re8 19. Nxd5 Bxd5 20. Rde2 Qd7) ({èëè} 16. Nc3 O-O 17. Be5 Nd5)
16... Qxf6 17. Nd2 O-O 18. Ne4 Qf5 19. Nc5 Bd5) 16. Qd3 ({Âèäèìî,} 16. f3 $5 {
íå ñòîëü ïåðñïåêòèâíî -} Nd6 $1 ({ñëàáåå} 16... Nf6 17. Nc3 Qd8 18. Bxf6 Qxf6
19. Ne4 {è ò.ä.}) 17. Re5 Qc4 18. Na3 Qxb4 19. Nc2 Qb3 $1 20. Rb1 Qa4 $1 (20...
Qc4 $4 21. Na3 Qa2 22. Ra1) 21. Rb4 Qa2 22. Rb2 Qa4 23. Qe2 {
Ó áåëûõ êàê áû êîìïåíñàöèÿ, îäíàêî ïîñëå} Kd7 $1 (23... O-O $2 24. Rg5 $1) {
ëó÷øèì âèäèòñÿ ïîâòîðåíèå õîäîâ:} 24. Rb4 Qa2 {
. Êîíå÷íî, òóò âîçìîæíû óñèëåíèÿ è óòî÷íåíèÿ...}) 16... c5 ({Íàâåðíîå,} 16...
Nd6 $142 {ñ èäååé óñêîëüçíóòü â «ðàçíîöâåò»} {ïîñëå} 17. Nc3 Qc4 $1 18. Qxc4
Nxc4 19. Bxg7 Rg8 20. Bf6 Rg6 21. Ne4 Nd6 $1 22. Bc3 Nxe4 23. Rxe4 O-O-O $11)
17. Rxe4 cxd4 18. Nc3 $1 Qb3 $6 {Êàæåòñÿ, íå â òó ñòåïü. Ôåðçü ÷¸ðíûõ â
íåêîòîðûõ âàðèàíòàõ âíåçàïíî îêàçûâàåòñÿ â îïàñíîñòè.} ({Êîíå÷íî, íåëüçÿ è} 
18... dxc3 $4 19. Qxd5 $18) ({Íî, âåðîÿòíî, ïîëó÷øå áûëî õèòðîå} 18... Qf5 {
, ïðåïÿòñòâóÿ âçÿòèþ íà d4 ëàäü¸é:} {Íàïðèìåð,} 19. Qxd4 (19. Ne2 $5) 19...
O-O 20. Rd1 h6 21. Re5 Qg6 {è ò.ä.}) 19. Rxd4 O-O 20. Qd2 {
Ãðîçèò Ne4-c5 è ôåðçü ÷¸ðíûõ áóäåò ïîéìàí!} c5 {
×¸ðíûå ðåøàþò ýòó ïðîáëåìó «ðàäèêàëüíî».} ({À ÷òî åù¸? Ñìîòðèì:} 20...
Rab8 $2 {(î÷åíü íåóäà÷íî)} 21. Ne4 Bf5 22. Nc5 Qc2 23. Qxc2 Bxc2 24. Nxa6 $18
) ({Èëè} 20... h6 21. Ne4 Bf5 22. Nc5 Qc2 23. Qxc2 Bxc2 24. Re1 {
- ëàäüÿ ãðîçèò âòîðãíóòüñÿ -} Rfe8 25. Rxe8+ Rxe8 26. f3 Ra8 27. Rd7 Ra7 28.
Kf2 $16 {- òîæå ìàëî ðàäîñòè}) ({È íà} 20... Rfe8 $5 {ñëåäóåò} 21. Ne4 Bf5 22.
Nc5 Qc2 23. Qxc2 Bxc2 24. Rc1 Bf5 25. g4 Bc8 (25... Bg6 26. Rd7) 26. f3 {
- òîæå ñàìîå. ×¸ðíûì ïðåäñòîèò íåë¸ãêàÿ áîðüáà.}) 21. bxc5 Rab8 22. h3 {
Ôîðòî÷êà!} Qb7 23. Nd5 Rbc8 24. Rc1 Bxd5 25. Rxd5 $16 {
È âîïðîñ ñòîèò òóò òàê: «óäàñòñÿ ëè ÷¸ðíûì óñòîÿòü?»} Rc6 26. Rd6 Qc7 27.
Qd5 $1 ({Ïîñëå} 27. Rxc6 {äåëî çàêàí÷èâàåòñÿ ëàäåéíûìè ýíäøïèëßìè ñ îòäàë¸ííîé
ïðîõîäíîé ðàçíîé ñòåïåíè ïðîòèâíîñòè äëÿ ÷¸ðíûõ -} Qxc6 28. Qd6 Rc8 $1 ({
ñëàáåå} 28... Qxd6 29. cxd6 Rd8 30. Rc6 Kf8 31. Rxa6 $18) 29. Rb1 $1 ({
âðîäå õóæå} 29. Qxc6 Rxc6 30. Kf1 Kf8 31. Ke2 Ke7 32. Kd3 Rf6 33. f3 Kd7 34.
Kc4 Kc6 35. Rd1 Rf4+ 36. Rd4 Rf6 {è ò.ä.}) 29... g6 ({ñëàáî} 29... Qxd6 30.
cxd6 Kf8 31. Rb6 Ra8 32. f4 Ke8 33. Kf2 Kd7 34. Ke3 $18) 30. Rb6 Qxc5 31. Qxc5
Rxc5 32. Rxa6 Rc1+ 33. Kh2 Ra1 {- áåëûå ìîãóò è íå âûèãðàòü... À ïðè
ïðîäîëæåíèè â òåêñòå ïðîõîäíóþ ïåøêó «ñ» áóäóò ïîääåðæèâàòü àæ äâå òÿæ¸ëûå
ôèãóðû!}) 27... Rxd6 28. Qxd6 Qxa5 ({Ïðîèãðûâàåò} 28... Qxd6 29. cxd6 Rd8 30.
Rc6 Ra8 ({èëè} 30... Kf8 31. Rxa6 $18) 31. d7 $18) 29. Rb1 {
Âñåãî ïîðîâíó, íî ïðîõîäíàÿ áåëûõ ãîðàçäî ñòðàøíåå.} g6 30. c6 Kg7 ({
Íå äîëæíî ñïàñòè} 30... Rd8 {È îíî-òàêè íå ñïàñàåò:} 31. Rb8 $1 Rxb8 32. Qxb8+
Kg7 33. Qb2+ $1 ({ïîñëå} 33. c7 $2 {ïðîõîäèò ñòàíäàðòíàÿ çàùèòíàÿ èäåÿ:} Qe1+
34. Kh2 Qe5+ 35. g3 Qd4 $1 {
è äàæå âòîðîé ôåðçü íå ìîæåò ïîìåøàòü îáúÿâèòü âå÷íûé øàõ:} 36. c8=Q Qxf2+ 37.
Kh1 Qf1+ 38. Kh2 Qf2+) 33... Kg8 {Êîðîëü íà 8-é ýòî î÷åíü âàæíî!} 34. Qb7 $1
Qe1+ ({èëè} 34... Qd5 35. Qd7 Qc5 36. g4 $3 Qb5 37. Qd8+ Kg7 38. c7 Qb1+ 39.
Kg2 Qe4+ (39... Qb7+ 40. Kg3 Qb3+ 41. f3) 40. Kg3 $1 Qe5+ 41. Kf3 $1 Qc3+ 42.
Kg2 Qc6+ 43. f3 Qc2+ 44. Kg3 {, è øàõè çàêîí÷èëèñü}) 35. Kh2 Qe5+ (35... Qxf2
36. c7 Qf4+ 37. g3 Qd2+ 38. Qg2 Qc3 39. Qa8+ $1 {
, à ïðåäñòàâüòå ñåáå, ÷òî áûëî, åñëè áû êîðîëü ÷¸ðíûõ òóò ñòîÿë íà g7...}) 36.
g3 Qe4 (36... Qd4 37. c7 $18) ({èëè} 36... Qd5 37. Qb8+ Kg7 38. Qb2+ $1 {è ò.ä.
}) 37. Qb8+ Kg7 38. Qb2+ $1 {
Âûíóæäàÿ îãîëåíèå 7-é ãîðèçîíòàëè, ÷òî ñîçäà¸ò óãðîçèùó Qb7} f6 (38... Kh6 39.
Qc1+ Kg7 40. c7 $18) (38... Kg8 39. c7 $18) 39. Qb6 Qc2 (39... Qf5 40. c7) 40.
c7 $18 Qf5 41. Kg1 $1 Qc8 (41... Qc2 42. Qb7) 42. Qb8 Qxh3 43. c8=Q $18) 31. c7
{Â áîðüáå ñ ýòîé ïðîõîäíîé ÷¸ðíûå íàïðÿãóò âñå ñèëû, íî âñ¸ áóäåò òùåòíî...}
Rc8 32. Rc1 ({Íå áóäåì ëåçòü ïîïåð¸ê áàòüêè â ïåêëî:} 32. Rb8 $2 Qxc7 $17)
32... Qg5 33. Rc6 h5 34. f4 Qa5 {
Ïå÷àëåí óäåë ÷¸ðíîãî ôåðçÿ, èáî îí íå çíàåò ãäå ïðåêëîíèòü ñâîþ ãëàâó....}
35. Kh2 $6 {Íó, à áåëûå ãîòîâÿòñÿ... Ê ÷åìó? Êî âñåìó! Íî ìîæåò áûòü, ýòîò
õîä - íåòî÷íîñòü!} ({Íåëüçÿ, êîíå÷íî} 35. Rxa6 $2 Qxc7 $11) (35. Qf6+ $142 {
ì áåëûå äîëæíû âûèãðàòü} Kg8 36. Kh2 $1 Qf5 (36... Rxc7 37. Qd8+) (36... h4 37.
Qxh4) 37. Qd6 Kh7 (37... a5 38. Rb6 Kh7 39. Rb8 a4 40. Rxc8 Qxc8 41. Qd8 $18)
38. Rxa6 Qe6 39. Qxe6 fxe6 40. Rc6 Kg7 ({èëè} 40... h4 41. Kg1 Kg7 42. Kf2 Kf6
43. Kf3 {è êîðîëü áåëûõ âñ¸ ðàâíî ïðîðûâàåòñÿ}) 41. Kg3 $1 Kf7 42. Kh4 Kf6 43.
Rc5 Kf7 44. Kg5 Kg7 45. Rc1 Kf7 46. Rc6 Kg7 47. Rxe6 Rxc7 48. Rxg6+ {
, è âñ¸ ñòàíîâèòñÿ ÿñíûì.}) 35... h4 $2 {Çåâîê åù¸ îäíîé ïåøêè.} ({
Ãîðàçäî óïîðíåå} 35... Kh7 $1 {
ïîñëå ÷åãî, íàïðèìåð, íå ïðîõîäèò ñëåäóþùàÿ, øàïêîçàêèäàòåëüñêàÿ, èäåÿ:} 36.
Rc5 (36. Qd7 Qf5) 36... Qa4 $1 37. f5 g5 38. Rc6 $2 Qf4+ 39. Qxf4 gxf4 {
, è ïåøêà íà ñ7 áóäåò îòäàíà çà ïðîõîäíóþ ÷¸ðíûõ ïî ëèíèè «à»}) ({
Ïðåäïðèíèìàþ åù¸ îäíó ïîïûòêó ïðîáèòü îáîðîíó ÷¸ðíûõ ïîñëå} 35... Kh7 36. Qd4
Qb5 37. Rc5 Qe8 38. f5 Qe7 $1 39. f6 Qe6 40. Qd8 Qe3 $1 41. Qe7 Qf4+ 42. Kg1
Kh6 $1 {Ãì-ì... Íàïðèìåð,} 43. Rc6 a5 44. Qd7 h4 $3 45. Qxc8 Qd4+ {- íè÷üÿ!})
36. Qf6+ Kg8 37. Qxh4 Qd5 ({Èëè ÷¸ðíûå çåâíóëè ïðîñòîå} 37... Rxc7 38. Qd8+ {?
}) 38. Qf6 ({Ïîõîæå, âûèãðûâàëî è} 38. Qg4 $5 Qf5 (38... Qxc6 39. Qxc8+ Kg7 40.
Qb8 $18) 39. Qxf5 gxf5 40. Rxa6 Rxc7 41. Ra5 {
, ïåðåâîäÿ èãðó â òåõíè÷åñêèé ýíäøïèëü.}) 38... Qd7 39. h4 $1 a5 ({Íåëüçÿ} 
39... Rxc7 {ââèäó} 40. Rd6 $18) 40. h5 Qf5 41. Qd8+ $1 {
Ïîñëå êîíòðîëÿ ìîæíî è ôåðçèêà æåðòâàíóòü!} ({
Îáíàðóæèëñÿ åù¸ îäèí ïóòü ê ïîáåäå:} 41. Qd4 Qxh5+ 42. Kg3 $1 Qh8 $8 (42... Kh7
43. Rd6 $1 $18) 43. Qd7 Kh7 (43... Kg7 44. Rd6 a4 45. Qd8) 44. Rc1 $22 Qf8 ({
èëè} 44... Kg7 45. Qd4+ Kg8 46. Qd8+ Kg7 47. Rd1 Qe8 48. Qxe8 Rxe8 49. Rd8) 45.
Rd1 Re8 ({ïðîùå äîñòèãàåòñÿ ïîáåäà ïîñëå} 45... Kg7 46. Qd4+ f6 ({èëè} 46...
Kg8 47. Qd8) 47. Qd7+ Kg8 48. Qxc8 $1) 46. Qd8 Qa3+ 47. Rd3 Re3+ 48. Kh2 Rxd3
49. Qh4+ Kg7 50. c8=Q $18) 41... Kg7 42. Qd4+ ({
À âîò çäåñü ñðàçó çàêàí÷èâàëî áîðüáó âåñüìà ýñòåòè÷íîå} 42. h6+ $1 Kxh6 43.
Rf6 $1 {è íè÷åãî êðîìå îäíîãî-åäèíñòâåííîãî øàõà ó ÷¸ðíûõ íåò:} Qh5+ 44. Kg3
$1) 42... f6 43. g4 {Áåëûå ðåøàþò «ïðîâåðèòü» ñâîþ òåõíèêó â ýíäøïèëå
ëàäüÿ ñ äâóìÿ ïåøêàìè ïðîòèâ ëàäüè.  Çàáåãàÿ âïåð¸ä, ñêàæó, ÷òî òåõíèêà
ðàçî÷åê ïîäêà÷àëà...} ({Åñëè áû ïàðòèÿ èãðàëàñü â òå áëàãîñëîâåííûå âðåìåíà,
êîãäà îòêëàäûâàíèå èìåëî ñèëó, òî ìû áûëè âïðàâå îæèäàòü èñïîëíåíèÿ ñëåäóþùåé
êîìáèíàöèè} 43. Rxf6 $1 Qxf6 44. Qd7+ Kh6 45. Qxc8 Qxf4+ ({èëè} 45... Qh4+ 46.
Qh3 Qxf4+ 47. Qg3 Qf5 48. Qxg6+ $1) 46. Kh3 Qf6 47. Qg4 $1 gxh5 (47... Qc3+ 48.
Qg3) 48. Qc4 $1 Qf5+ 49. Kh2 Qc8 (49... Qe5+ 50. g3 Qb2+ 51. Kh3 Qb1 52. Qc6+
$1 {, è ñëåäóþùèì õîäîì íà äîñêå áåçíàêàçàííî ïîÿâëÿåòñÿ âòîðîé áåëûé ôåðçü.})
50. Qf4+ $1 Kh7 (50... Kg7 51. Qg5+ Kf7 52. Qd8) (50... Kg6 51. Qd6+) 51. Qf7+
Kh8 52. Qf6+ Kh7 53. Qd8 {ñ ïîáåäîé.}) 43... Qxg4 44. Qxf6+ Kh6 45. Qxg6+ ({
Ýõ, êîíòðîëü, òû êîíòðîëü ôèäåøíûé, ïîðî÷íûé...} 45. Re6 $3 Qxh5+ (45... Rxc7
46. Qf8+ Rg7 47. Rxg6+) 46. Kg3 Rg8 ({èëè} 46... Rxc7 47. Qh8+ Rh7 48. Qf8+ Rg7
49. Re7 {- ñ ìàòîì â íåñêîëüêî õîäîâ}) 47. c8=Q $1 {
(ñàìûé êîðîòêèé è ñàìûé ýôôåêòíûé ïóòü ê ïîáåäå...)} Rxc8 48. Re7 $1 Rg8 49.
Qf7 $18) 45... Qxg6 46. hxg6 a4 47. f5 a3 48. Rc2 a2 49. Rxa2 Rxc7 50. Kh3 Kg5
51. Rg2+ {Åäèíñòâåííîå ;)} Kf6 (51... Kxf5 52. g7 $18) 52. Kg4 (52. Rg1 $144)
52... Rc1 ({Áîëåå òðóäíûå çàäà÷è ïðèøëîñü áû ðåøàòü áåëûì ïîñëå} 52... Rc4+ $1
53. Kf3 $8 ({íî íå} 53. Kh5 Rc1 $1 $11) 53... Rc3+ 54. Ke4 Rc4+ 55. Kd3 Rc8 56.
Rc2 $1 ({íî íå} 56. g7 $2 Rg8 $11) 56... Rb8 57. Rc5 $8 $18 Re8 {
, è êîðîëü äëÿ âûèãðûøà äîëæåí îááåæàòü ñâîþ ëàäüþ.}) 53. Rh2 $2 {
Î ïà! Îøèáêà! Âèäèòå, êàêîé ÿ óìíûé ñ áàçîé Íàëèìîâà ïîä ðóêîé!} (53. Kf3 $18)
(53. Kf4 $18) 53... Rf1 $4 {Óïóñêàÿ ñëó÷àéíî ïîäâåðíóâøóþñÿ íè÷üþ.} ({
À äîñòèãàëîñü ðàâåíñòâî äàæå äâóìÿ ñïîñîáàìè} 53... Rg1+ $1 54. Kf4 (54. Kh5
Rf1 $11) 54... Rf1+ 55. Ke4 Rxf5 56. g7 (56. Rg2 Re5+ $1 57. Kd4 Re7) 56... Rg5
$11) (53... Rc4+ $1 54. Kh5 Rc1 $8 $11 ({íî íå} 54... Kxf5 $4 55. g7 Rc8 56.
Rf2+ Ke6 57. Rf8) 55. Kh6 Rb1 56. Kh7 $140 Rb7+ 57. Kh6 Rb1 $1 $11 ({
ñëîæíî ïîíÿòü, íî, ê ïðèìåðó,} 57... Rb3 {
ñíîâà âåä¸ò ê ïðîèãðûøíîìó ïîëîæåíèþ ïîñëå} 58. Rh1 $3)) 54. Rh8 $1 $18 Rg1+
55. Kf4 Rf1+ 56. Ke4 Re1+ (56... Rxf5 57. Rf8+) 57. Kd3 Re7 (57... Kxf5 58. g7
$18) 58. Rh7 ({Åù¸ ìîãëî ïîñëåäîâàòü} 58. Rh7 Rxh7 59. gxh7 Kg7 60. Ke4 Kxh7
61. Ke5 Kg7 62. Ke6 $18 {Â òàêîì «ïåøå÷íèêå» ãðîññìåéñòåðû  îñîáåííî ñèëüíû!
}) 1-0

[Event "Aerosvit 2007"]
[Site "Foros RUS"]
[Date "2007.06.29"]
[Round "11"]
[White "GM Sasikiran, Krishnan(IND)"]
[Black "GM Van Wely, Loek(NED)"]
[Result "0-1"]
[WhiteElo "2690"]
[BlackElo "2674"]
[Annotator "Ëåáåäåâ Âàñèëèé"]
[PlyCount "102"]
[EventDate "2007.06.29"]

1. d4 d5 2. c4 c6 3. Nf3 Nf6 4. Nc3 e6 5. Bg5 {È ðåøèë Êðèøíàí ÷àøó ñèþ
èñïèòü äî äíà... Èáî â òîé ôîðìå, êîòîðîé îí ñåé÷àñ íàõîäèòñÿ (ÈÌÕÎ) èäòè íà
òàêîé äåáþò, ïî-ìîåìó, ñàìîóáèéñòâåííî.} dxc4 $1 {
È áîäðî, è âåñåëî ñîïåðíèêè íà÷àëè èñïîëíÿòü òåîðåòè÷åñêèå õîäû:} 6. e4 b5 7.
e5 h6 8. Bh4 g5 9. Nxg5 hxg5 10. Bxg5 Nbd7 11. g3 Bb7 12. Bg2 Qb6 13. exf6
O-O-O 14. O-O Bh6 15. Bxh6 Rxh6 16. b3 (16. Qd2) 16... cxb3 17. Ne4 ({
Óìåñòíî çàäàòü âîïðîñ: «À ïî÷åìó ïðîñòî íå} 17. axb3 {
?». È äàëåå â îäíîé ïàðòèè ïî ïåðåïèñêå ñëó÷èëîñü ñëåäóþùåå} Nxf6 18. Qd2 Rh5
19. Rfd1 Kd7 ({ñòðàííîâàòûé õîä;} 19... e5 $5) 20. b4 Ke7 21. h4 a6 22. Ne2 Qc7
23. Rac1 Qd6 24. Nf4 Rhh8 25. Qe1 Nd5 26. Nxd5+ cxd5 27. Rc5 Rc8 28. Rdc1 Kd7
29. Qe3 Rc6 30. Qg5 Rhc8 31. h5 Rxc5 32. Rxc5 Bc6 33. Bf3 f5 34. Kg2 Qe7 35.
Qxe7+ Kxe7 36. Kh3 Kd6 37. Kh4 Ra8 38. Kg5 a5 39. bxa5 e5 40. h6 exd4 41. Rc1 {
(1-0 Voyna,A (2614) - Namyslo,H (2545)/corr ICCF 2001/MegaCorr4).}) ({
Åñòü â ÌåãàÁàçå ïàðòèè è íà òåìó} 17. Qxb3 $5 {, ïðàâäà, èãðàëè èõ íå ñëèøêîì
ñèëüíûå øàõìàòèñòû. Âîò îäíà èç íèõ, äîâîëüíî ñèìïàòè÷íåíüêàÿ:} Nxf6 18. a4 a6
19. Rac1 Kb8 20. axb5 cxb5 21. Na4 Qa7 22. Bxb7 Qxb7 23. Nc5 Qb6 24. Qe3 Rg6
25. Qe5+ Ka7 26. Nxa6 $1 Kxa6 27. Rc7 Qd6 ({èëè} 27... Rxd4 28. Ra1+ Ra4 29.
Rxa4+ bxa4 30. Qe2+ $1 {
è ìû âèäèì ðåäêèé â ïðàêòè÷åñêîé èãðå ïðè¸ì - ôåðçåâàÿ ëåñòíèöà:} Ka5 31. Qd2+
Ka6 32. Qd3+ Ka5 33. Qc3+ Ka6 34. Qc4+ Ka5 35. Rc5+ {
, è áåëûå äîëæíû ïîáåäèòü, íàïðèìåð, òàêèì ñïîñîáîì:} Qxc5 36. Qxc5+ Ka6 37.
Qc6+ Ka5 38. Qc7+ Kb4 39. Qxf7 Rh6 40. Qf8+ {è ò.ä.}) 28. Ra1+ Kb6 29. Rca7
Rxg3+ 30. hxg3 {1-0 Schmidt,R (2183)-Namyslo,H (2314)/Altenkirchen 2005/CBM 106
}) 17... Nxf6 18. Nc5 b2 $146 ({
Â ïàðòèè-ïðåäøåñòâåííèöå ÷¸ðíûå áûñòðî ïîëó÷èëè æáàí:} 18... bxa2 19. Rxa2
Nd7 $6 (19... Rh5 $5) 20. Qc1 $1 Rh5 21. Nxb7 Kxb7 22. Bxc6+ $1 Kb8 (22... Qxc6
23. Rxa7+ $1) 23. Bf3 ({ïîõîæå, ÷òî âûèãðûâàëè áåëûå è ïîñëå} 23. Qf4+ $1 {
, õîòÿ âàðèàíòû âñ¸ ìíîæèëèñü è ìíîæèëèñü...} Qc7 $140 ({èëè} 23... e5 24. Qxf7
) 24. Rxa7 $3 ({ñëàáåå} 24. Qxf7 Rf5 25. Qe7 Nc5 $1 26. Qh4 $1 Rd6 27. Bg2 Na4
28. Qe4 Nb6 {è òóò åùå èä¸ò êàêàÿ-òî áîðüáà.}) 24... Qxf4 25. Rb7+ $1 Kc8 26.
gxf4 Rg8+ (26... Nb8 27. Bf3 Rxd4 28. Rc1+ Rc4 29. Rxc4+ bxc4 30. Rxb8+ $1) 27.
Kh1 Rgh8 (27... Nf6 28. Ra1) (27... Nb8 28. Bf3) 28. Rc1 $1 Rxh2+ 29. Kg1 b4
30. Be4+ Kd8 31. Rcc7 Nf6 32. Rxf7 Kc8 33. Ra7) 23... Rf5 24. Be4 Rc8 25. Qe3
Rf6 26. Rfa1 e5 27. Rxa7 Qxa7 28. Rxa7 Kxa7 29. dxe5+ Rb6 30. Qa3+ Kb8 31. Bf5
Rc7 32. Qe7 Nc5 33. Qd8+ Kb7 34. Bg4 Rg6 35. Bf3+ Kb6 36. h4 b4 37. h5 Re6 38.
h6 Rxh6 39. Qb8+ Nb7 40. Qf8 Re6 41. Qxb4+ Ka7 42. Bd5 Ree7 43. Kg2 Kb8 44. f4
Kc8 45. Qa3 Kb8 46. Kh3 Red7 47. Qa2 Re7 48. Kg4 Red7 49. Kg5 Rc3 50. g4 Rcc7
51. Kf6 Re7 52. g5 Red7 53. Bxf7 {
(1-0 Czerwonski,A (2378) - Kaszowski,D (2250)/Polanczyk 2000).}) 19. Rb1 e5 $1
{Êàê ìíå êàæåòñÿ, âñ¸ ðåøèëîñü â ýòîé ïàðòèè íà ïðîòÿæåíèè ñëåäóþùåãî äåñÿòêà
õîäîâ, êîòîðîìó è óäåëèì îñíîâíîå âíèìàíèå.} 20. Qd2 ({
Ñåðü¸çíîãî âíèìàíèÿ (ýòî - ðàç) çàñëóæèâàëî} 20. Qf3 $1 exd4 ({
Âñ¸ îñòàëüíîå õóæå} 20... Nd7 21. Nxb7 Qxb7 (21... Kxb7 22. d5 $36) 22. Rxb2
exd4 23. Rc1 $36) ({èëè} 20... Rxd4 21. Qf5+ Nd7 22. Nxd7 Rxd7 23. Bh3 Rxh3
$140 24. Rfd1 $1 Rxg3+ 25. hxg3 Qd8 26. Rxd7 Qxd7 27. Qxe5 c5 28. Qxc5+ Bc6 29.
f3 $1 $16) 21. Qf4 $1 ({ñëàáåå} 21. Qf5+ Nd7 22. Nxd7 Rxd7 23. Bh3 Re6 24. Rxb2
c5 $13) {È ñ ÷åëîâå÷åñêîé òî÷êè çðåíèÿ çäåñü î÷åíü çàìàí÷èâî} 21... Qxc5
$5 (21... Rg6 $2 22. Bh3+) (21... Rdh8 $5) 22. Qxh6 Nd5 {, íàêàïëèâàÿ
íåìåðåíóþ ÷¸ðíóþ ìîùü â öåíòðå, õîòÿ Rybka ñ÷èòàåò ïîçèöèþ áåëûõ âåñüìà
ïðèâëåêàòåëüíîé.}) 20... Rh5 21. Qxb2 ({Ëþáîïûòíî} 21. Rxb2 {(ýòî äâà)} Rxd4
22. Qc3 {(âàí Âåëè)} {È âîò êàêîé ó ìåíÿ ïîëó÷èëñÿ «êîîîïåðàòèâ÷èê»:} b4 (
22... Rc4 $5 23. Qf3 Qxc5 24. Qxf6 e4 25. Qxf7 Re5 $132) 23. Qf3 Qxc5 24. Qxf6
{Âîò òàê ìû ïîìåíÿëè êîíèêîâ...} Ba6 25. Re1 {È òåïåðü} {íî} Bd3 $1 ({
òèïà ñîåäèíÿÿ ôèãóðû, è ïðåïÿòñòâóÿ Bf3; ïëîõî} 25... Bc4 26. Bf3 $1 $18) ({
íî òîëüêî íå} 25... e4 $6 26. Rc2 $3 Qxc2 27. Qxd4 f5 28. Qxb4 Qxa2 $140 29.
Qf8+ Kb7 30. Qg7+ $1 Kb6 31. Qd4+ Kb7 32. Ra1 Qd5 33. Qg7+ Kb6 34. Bf1 $1 Bxf1
35. Qxa7+ Kb5 36. Qa5+ Kc4 37. Rc1+ Kb3 38. Rc3+ Kb2 39. Qa3+ Kb1 40. Rc1# {
Âîò òàê! :))}) {, è ïîñëå «ýëåìåíòàðíîãî»} 26. Qxf7 Qc3 $1 27. Rd1 ({
çàñëóæèâàåò âíèìàíèÿ è ñëåäóþùèé ãðàíäèîçíûé «ñîñêîê»} 27. Qe8+ Kb7 28. Rd1
$1 Rh7 $140 29. a3 $3 Qxb2 30. Qxc6+ Kb8 31. Qe8+ Kc7 32. Qxe5+ Kd7 ({èëè} 
32... Kb6 33. axb4 $3 Qxb4 34. Qb8+ Kc5 35. Qe5+ Kb6 36. Qb8+) 33. Bf1 Rf7 34.
Bh3+ Kd8 $8 35. Qb8+ Ke7 36. Qe5+ Kf8 37. Qh8+ Ke7 38. Qe5+ {è ò.ä.}) 27... Rh7
28. Qe6+ Kb7 29. Rb3 Bc2 $1 30. Rxd4 $1 ({õóæå} 30. Rxc3 Rxd1+ 31. Bf1 bxc3 32.
Qc4 Kc7 $1 {- áåëûì ïðèä¸òñÿ òÿæåëî:} 33. Qxc3 Bd3 34. Qxe5+ Kb7 35. Qc3 Rxf1+
36. Kg2 Rd7 {è ò.ä.}) 30... Qa1+ 31. Bf1 Qxd4 32. Rf3 Qd5 $13) 21... exd4 22.
Nxb7 Kxb7 23. a4 a6 24. Rfc1 $6 {
Âèäèìî, ïîñëå ýòîãî õîäà è íà÷èíàåòñÿ ìåäëåííî ñïîëçàíèå áåëûõ â áåçäíó....} (
{Åù¸ îäíà èäåÿ -} 24. Rfe1 $5 {(è ýòî òðè)} Nd5 $140 ({èëè} 24... Rd7 25. Rbc1
$36) 25. axb5 axb5 26. Rbd1 Nc3 (26... c5 27. Re7+) (26... Nc7 27. Re7 Rf5 28.
Rc1 Rf6 29. h4 {, ïðîõîäíàÿ ïîøëà...}) 27. Re7+ Kb8 28. Ra1 Qc5 $1 29. Rxf7 d3
(29... Rxh2 $5 30. Kxh2 Qh5+ 31. Kg1 Qxf7 32. Bxc6) 30. Qd2 Re5 31. Bf3 $1 ({
ïðèêðûâàÿ ïîëå d1; ðàíî} 31. Raa7 Qxa7 32. Rxa7 Kxa7 33. Qxc3 d2) 31... b4 32.
Kg2 Nd5 (32... b3 33. Raa7 $1) (32... Nb5 33. Qh6 $1 d2 $140 $2 34. Qg7) 33.
Qa2 Nc7 34. Rf6 $36) 24... Nd5 25. a5 (25. Qe2 $5 {Ãîëóáåâ}) 25... Qxa5 26.
Qxd4 Qb6 ({Ïîñëå} 26... Qc7 $5 {
ñ èäååé âûñêî÷èòü íà å5, òðóäíîñòè áåëûõ óâåëè÷èâàëèñü (ÈÌÕÎ).}) 27. Qg7 Rf5
28. Rb2 Qc7 (28... Rf6 $5 29. Bxd5 cxd5 30. Rbc2 a5) 29. Re2 {
Ñïîëçàíèå ïðîäîëæàåòñÿ...} ({À íå ëó÷øå ëè áûëî} 29. Rbc2 $5 Qe5 $140 ({èëè} 
29... Nb4 30. Bxc6+ Nxc6 31. Rxc6 Qxc6 32. Rxc6 Kxc6 33. g4 $1 Rf3 34. Kg2 Rdd3
35. h4) 30. Qxe5 Rxe5 31. Rxc6 Re1+ $1 32. Rxe1 Kxc6 33. h4 {
- â îáîèõ ñëó÷àÿõ ñ îñòðûìè, íî, âèäèìî, èãðîâûìè ïîçèöèÿìè.}) 29... Qd6 (
29... f6 $5) 30. h4 ({Âèäèìî, ñèëüíåå áûëî} 30. Qa1 $1 {
(Ãîëóáåâ), âîçâðàùàÿ ôåðçÿ ê ìåñòó ãëàâíûõ ñîáûòèé.}) 30... Qf6 $1 31. Qg4 Re5
32. Rd2 (32. Rxe5 $142 $5 Qxe5 33. h5 $132) 32... Qe6 33. Qd4 {
Ïîñëå ðàçìåíà ôåðçåé, äàæå ìèêðî øàíñîâ ó áåëûõ íå îñòà¸òñÿ...} ({Ê ïðèìåðó,} 
33. Qxe6 Rxe6 34. Rcd1 b4 $1 35. Bxd5 $140 Rxd5 36. Rxd5 cxd5 37. Rxd5 b3 $19)
33... Re1+ 34. Rxe1 Qxe1+ 35. Kh2 a5 {È, êàê ãîâîðèòñÿ,  ÷òî-ëèáî
ïðîòèâîïîñòàâèòü ýòîìó ïðîäâèæåíèþ áåëûå íå â ñîñòîÿíèè.} 36. Rc2 a4 37. Be4
Qb4 38. Qd3 Rd6 39. Bf3 ({Åñëè} 39. Qf3 {, òî âðîäå íåïëîõî} Kb6 (39... Rf6 $5)
40. Bxd5 $140 Rxd5 41. Qxf7 Qd6 42. Re2 a3 {
, è ÷¸ðíûå, ïî-ìîåìó, äîëæíû òóò ïîáåäèòü..}) 39... Kb6 40. Qf5 Qb3 41. Bd1 ({
Êàê áû íå ïîñëåäíåé íàäåæäîé áåëûõ òóò áûëî} 41. Rc1 $5 Rf6 $140 $2 42. Qc8
Qxf3 43. Qb8+ Ka5 44. Qa7+ Kb4 45. Qd4+ Ka5 46. Qa7+ {- è ïîëó÷àåòñÿ íè÷üÿ!})
({Íî, ïî ëîãèêå ïðåäûäóùåé áîðüáû, íå äîëæíî áûëî ñïàñàòü è ýòî. Òî åñòü} 41.
Rc1 Qa3 42. Rc2 Rf6 43. Qe5 $1 Rxf3 ({êàê ìû óæå óáåäèëèñü,} 43... Qxf3 {
âåä¸ò ê íè÷üåé} 44. Qb8+ {è ò.ä.}) 44. Qb8+ Ka5 45. Qa7+ Kb4 46. Qd4+ Kb3 47.
Rxc6 Nc3 48. Kg2 {Ëàäüÿ ïîéìàíà! Íî ÷óäåñà ïðîäîëæàþòñÿ!} Qc1 $3 49. Rc5 (49.
Kxf3 Qh1+) 49... f5 $1 50. Kxf3 Qh1+ 51. Ke3 Qe1+ 52. Kf3 a3 53. Re5 Qh1+ 54.
Kf4 (54. Ke3 a2) 54... Qc1+ 55. Kf3 a2 56. Qd3 b4 ({íî íå} 56... a1=Q $4 57.
Rxb5+ Ka3 58. Qd6+ {ñ ìàòîì!}) 57. Ra5 Qb1 58. Qe3 Qe4+ {
- íó, è ìîæíî ïðåðâàòüñÿ.}) 41... Nc3 42. Rd2 Qe6 43. Qf4 Rxd2 44. Qxd2 Nxd1
45. Qxd1 a3 {Äî ñ÷àñòüÿ îñòàëîñü ñäåëàòü âñåãî äâà øàãà.} 46. Qd4+ Kb7 47. h5
Qd5 48. Qh8 a2 {Óæå îäèí...} 49. h6 Qd1 50. Qf6 a1=Q 51. Qxf7+ Kb6 0-1